000 00653nam a2200193 a 4500
008 120416s1981 ||||||||||||||||| || u
020 _a0395296404
050 _aHD 58.7 Dun
100 _aDuncan, W. Jack (Walter Jack)
245 1 0 _aOrganizational behavior
250 _a2nd ed.
260 _aBoston, Mass.
_bHoughton Mifflin
_c1981
300 _axx, 474p. : ill
350 _a0.00
500 _aIncludes bibliographies and index.
650 0 _aMANAGEMENT
650 _aORGANIZATIONAL BEHAVIOUR
995 _D0.00
_FCBU-MAIN LIBRARY (Kitwe)
_H1
_I19.20
_M1
_UDAMAGED
_ZMain Library Open Access Collection
999 _c52848
_d52848